000 00484nam a2200181Ia 4500
001 8544
005 20260306160617.0
008 260306t2014||||xx |||||||||||||| ||spa||
041 _aESP
082 _a371.102
_bP46
100 _aPérez Pérez, Teodoro
_eAUT
245 0 _aEl poder transformador de los educadores:
_breflexiones y herramientas para cultivarlo
260 _c2014
300 _a272 páginas :
_c24 cm.
650 _aGEN
654 _aCED
942 _cLIB
_dJUS
_fJUS
_2ddc
_n
999 _c8544
_d8544